Statistics for NHL Hockey Teams Quiz

Click here to take the quiz!

General Stats

  • This quiz has been taken 475 times
    (407 since last reset)
  • The average score is 13 of 30

Answer Stats

HintAnswer% Correct
Won cup in 2007Aneheim Ducks
81%
First American NHL teamBoston Bruins
79%
Claude GirouxPhiladphia Flyers
65%
Won cup in 2006Carolina Hurricanes
63%
Martin BrodeurNew Jersey Devils
59%
Alexander OvechkinWashington Capitals
59%
Joe PavelskiSan Jose Sharks
57%
Nicklas LidstromDetroit Red Wings
54%
Made it to finals in 1999Buffalo Sabres
53%
Jonathan HuberdeauFlorida Panthers
53%
Drew DoughtyLos Angeles Kings
52%
Won 4 straight Stanley CupsNew York Islanders
52%
Henrik LundqvistNew York Rangers
52%
Erik KarlssonOttawa Senators
52%
Old = Quebec NordiquesColorado Avalanche
49%
Shea WeberNashville Predators
47%
Won cup in 2009Pittsburgh Penguins
46%
Last won cup in 1967Toronto Maple Leafs
46%
Won cup in 1999Dallas Stars
44%
Wayne Gretzky for 1 seasonSt Louis Blues
40%
Came into league in 2000Columbus Blue Jackets
38%
Used to be in WHAEdmonton Oilers
33%
Won cup in 1993Montreal Canadiens
33%
_______ FlamesCalgary Flames
32%
_________ WildMinnesota Wild
28%
Andrew LaddWinnipeg Jets
28%
H and D SedinVancouver Canucks
27%
Shane DoanArizona Coyotes
15%
Won cup in 2013Chicago Blackhawks
0%
Won cup in 2004Tampa Bay Lightning
0%

Score Distribution

Percentile by Number Answered

Percent of People with Each Score

Your Score History

You have not taken this quiz since the last reset